00684nam a2200169Ia 4500008004100000020001800041041000800059082001700067100001700084245016400101250000600265260006400271300001100335650002300346999001900369952012600388210716s2012 xx 000 0 und d a9781259029196 aeng a658.802 ALPJ aAlpert, Jed. aMobile marketing revolution: how your brand can have a one-to-one conversation with everyone.bHow your brand can have a one-to-one conversation with everyone. a1 aNew DelhibTata McGraw Hill Education Private Limitedc2012 axv,223 aGeneral Management c208546d208546 001040708MBAaAIMITbAIMITd2014-03-15g345.00l0o658.802 ALPJpMBA11112r2026-05-23 00:00:00v258.75w2021-07-16yBK